书目信息 |
| 题名: |
线秀
|
|
| 作者: | ;李广田 整理 ;云南省民族民间文学德宏调查队 搜集 | |
| 分册: | ||
| 出版信息: | 昆明 云南人民出版社 1978 |
|
| 页数: | 71页 | |
| 开本: | 19cm | |
| 丛书名: | ||
| 单 册: | ||
| 中图分类: | I295.322 | |
| 科图分类: | ||
| 主题词: | 傣族--叙事诗--中国 | |
| 电子资源: | ||
| ISBN: | 10116.722 | |
| 000 | 00836nam0 2200253 450 | |
| 001 | 0000000000 | |
| 005 | 20100713171642.0 | |
| 010 | @a10116.722@dCNY0.25 | |
| 091 | @a10116.722@dCNY0.25 | |
| 100 | @a20080520d1978 em y0chiy0121 ea | |
| 101 | 0 | @achi |
| 102 | @aCN@b530000 | |
| 105 | @aa z 000gy | |
| 106 | @ar | |
| 200 | 1 | @a线秀@9Xian Xiu @e傣族民间叙事长诗@f云南省民族民间文学德宏调查队搜集@g李广田整理 |
| 210 | @a昆明@c云南人民出版社@d1978 | |
| 215 | @a71页@c图@d19cm | |
| 517 | 1 | @a傣族民间叙事长诗@9dai zu min jian xu shi chang shi |
| 606 | 0 | @a傣族@x叙事诗@y中国 |
| 690 | @aI295.322@v4 | |
| 702 | @a李广田@9li guang tian@4整理 | |
| 711 | 02 | @a云南省民族民间文学德宏调查队@9yun nan sheng min zu min jian wen xue de hong diao cha dui@4搜集 |
| 801 | 0 | @aCN@bAzMarc@c20130904 |
| 905 | @aBZT@dI295.322@e4@f2@sI295.322/4 | |
| 线秀:傣族民间叙事长诗/云南省民族民间文学德宏调查队搜集/李广田整理.-昆明:云南人民出版社,1978 |
| 71页:图;19cm |
| ISBN 10116.722:CNY0.25 |
| ● |
| 相关链接 |
|
|
|
正题名:线秀
索取号:I295.322/4
 
预约/预借
| 序号 | 登录号 | 条形码 | 馆藏地/架位号 | 状态 | 备注 |
| 1 | 2000090000 | 2000090000 | 旧书回溯/ [索取号:I295.322/4] | 在馆 | |
| 2 | 2000090001 | 2000090001 | 旧书回溯/ [索取号:I295.322/4] | 在馆 |